Detalles MARC
| 000 -CABECERA |
| campo de control de longitud fija |
01719nam a2200265 i 4500 |
| 001 - NÚMERO DE CONTROL |
| campo de control |
18359 |
| 003 - IDENTIFICADOR DEL NÚMERO DE CONTROL |
| campo de control |
DO-SdUEMH |
| 005 - FECHA Y HORA DE LA ÚLTIMA TRANSACCIÓN |
| campo de control |
20260123180836.0 |
| 007 - CAMPO FIJO DE DESCRIPCIÓN FÍSICA--INFORMACIÓN GENERAL |
| campo de control de longitud fija |
ta |
| 008 - DATOS DE LONGITUD FIJA--INFORMACIÓN GENERAL |
| campo de control de longitud fija |
260123s2024 dr a|||g |||| 00| 0 spa d |
| 020 ## - NÚMERO INTERNACIONAL ESTÁNDAR DEL LIBRO |
| Número Internacional Estándar del Libro |
9789945290400 |
| 040 ## - FUENTE DE LA CATALOGACIÓN |
| Centro catalogador/agencia de origen |
DO-SdUEMH |
| Lengua de catalogación |
spa |
| Normas de descripción |
rda |
| 041 ## - CÓDIGO DE LENGUA |
| Código de lengua del texto/banda sonora o título independiente |
spa |
| 082 14 - NÚMERO DE LA CLASIFICACIÓN DECIMAL DEWEY |
| Colección |
Colección Dominicana |
| Número de documento/Ítem |
V819 |
| 100 #1 - ENTRADA PRINCIPAL--NOMBRE DE PERSONA |
| Término indicativo de función/relación |
autora |
| 245 ## - MENCIÓN DE TÍTULO |
| Título |
Cómo Cuidar al Paciente Crítico: |
| Resto del título |
guía de manejo y cuidado a pacientes críticos / |
| Mención de responsabilidad, etc. |
María Virtudes Méndez, MA |
| 264 #1 - PRODUCCIÓN, PUBLICACIÓN, DISTRIBUCIÓN, FABRICACIÓN Y COPYRIGHT |
| Lugar de producción, publicación, distribución, fabricación |
Santo Domingo, República Dominicana : |
| Nombre del de productor, editor, distribuidor, fabricante |
TNEditores, |
| Fecha de producción, publicación, distribución, fabricación o copyright |
2024 |
| 264 #4 - PRODUCCIÓN, PUBLICACIÓN, DISTRIBUCIÓN, FABRICACIÓN Y COPYRIGHT |
| Fecha de producción, publicación, distribución, fabricación o copyright |
©2024 |
| 300 ## - DESCRIPCIÓN FÍSICA |
| Extensión |
438 páginas : |
| Otras características físicas |
ilustraciones ; |
| Dimensiones |
27 cm. |
| 336 ## - TIPO DE CONTENIDO |
| Fuente |
rdacontent |
| Término de tipo de contenido |
texto |
| Código de tipo de contenido |
txt |
| 337 ## - TIPO DE MEDIO |
| Fuente |
rdamedia |
| Nombre del tipo de medio |
sin mediación |
| Código del tipo de medio |
n |
| 338 ## - TIPO DE SOPORTE |
| Fuente |
rdacarrier |
| Nombre del tipo de soporte |
volumen |
| Código del tipo de soporte |
nc |
| 505 #2 - NOTA DE CONTENIDO CON FORMATO |
| Nota de contenido con formato |
Generalidades de la infraestructura de la unidad de cuidados intensivos -- Manejo y cuidado a pacientes con déficit de líquidos y electrolitos -- Manejo y cuidado a pacientes sometidos a ventilación mecánica -- Manejo y cuidado a pacientes diagnosticados con shock y coma ingresados en UCI -- Manejo y cuidado a pacientes con trastornos neuroquirúrgicos ingresados en UCI -- Manejo y cuidado a pacientes con problemas del sistema cardiovascular -- Manejo y cuidado a pacientes con problemas del sistema respiratorio -- Manejo y cuidado a pacientes críticos con trastornos renales -- Manejo y cuidado a pacientes con problemas gastrointestinales y metabólicos en UCI -- Cuidados e intervenciones de enfermería a pacientes críticos con alimentación enteral y parenteral en las unidades de cuidados intensivos -- Intervenciones y cuidado de enfermería que protegen a los pacientes de infecciones asociadas al cuidado de la salud en UCI. |
| 942 ## - ELEMENTOS DE PUNTO DE ACCESO ADICIONAL (KOHA) |
| Fuente del sistema de clasificación o colocación |
Dewey Decimal Classification |
| Tipo de ítem Koha |
Libro |
| Suprimir en OPAC |
No |